| 000 | 00959nam a2200241 a 4500 | ||
|---|---|---|---|
| 001 | 71459 | ||
| 003 | BD-RjUL | ||
| 005 | 20211209082120.0 | ||
| 008 | 170503s1985 ii |||| ||| 000 0 ben d | ||
| 020 | _c: Tk. 2.00 | ||
| 035 | _a(BD-RjUL)71675 | ||
| 040 |
_aBD-RjUL _bben _cBD-RjUL _dBD-RjUL |
||
| 041 | _aben | ||
| 082 |
_223 _a891.73 _bLIO 1959 |
||
| 245 | 1 | 0 |
_aলিও টলস্টয় : _bঅনেক প্রসঙ্গের কয়েকটি / _cসিরাজুল ইসলাম চৌধুরী |
| 260 |
_aঢাকা : _bবাংলা একাডেমী, _c১৯৫৯ [১৩৯১] |
||
| 300 |
_a১২৮ পৃ. ; _c১৮ সেমি. |
||
| 504 | _aগ্রন্থপঞ্জি সংযুক্ত | ||
| 650 |
_aরাশিয়ান উপন্যাস _9148256 |
||
| 650 |
_aRussian fiction _9122083 |
||
| 700 | 1 |
_aচৌধুরী, সিরাজুল ইসলাম _9148257 |
|
| 942 |
_2ddc _cBK |
||
| 999 |
_c71459 _d71459 |
||